| 000 | 01963nam a22002897a 4500 | ||
|---|---|---|---|
| 999 |
_c58664 _d58664 |
||
| 003 | Ge_BSU | ||
| 005 | 20220623135830.0 | ||
| 008 | 220623s2020 xxu||||| |||| 00| 0 geo d | ||
| 020 | _a9789941266546 | ||
| 041 | _ageo | ||
| 080 | _a339.9 ე-49 | ||
| 245 |
_aეკონომიკური დიპლომატია : _b[სახელმძღვანელო] / _cევგენი ბარათაშვილი, გელა ჩადუნელი, მურმან პაპაშვილი, ზურაბ კოზმავა, თეონა ბაგრატიონი ; სამეცნიერო რედაქტორები: რევაზ გველესიანი, გურამ ჯოლია, დავით ჯალაღანია. |
||
| 250 | _aმე-2 გადამუშავებული და შევსებული გამოცემა. | ||
| 264 |
_aთბილისი : _b უნივერსალი, _c2020. |
||
| 300 |
_a454 გვ. ; _b20 სმ. |
||
| 500 | _aთავფურცლის მე-3 გვერდი ინგლისურ ენაზე. | ||
| 501 | _aუცხო სიტყვათა ლექსიკონი: გვ. 420-451. | ||
| 504 | _aბიბლიოგრაფია: გვ. 417-419. | ||
| 653 | _aეკონომიკური ურთიერთობები. | ||
| 653 | _aეკონომიკური დიპლომატია | ||
| 700 |
_aბარათაშვილი, ევგენი _eავტორი _9734 |
||
| 700 |
_aპაპაშვილი, მურმან _eავტორი _92032 |
||
| 700 |
_aჩადუნელი, გელა _eავტორი _914211 |
||
| 700 |
_aკოზმავა, ზურაბ _eავტორი _914212 |
||
| 700 |
_aბაგრატიონი, თეონა _eავტორი _914213 |
||
| 942 |
_2udc _cBK |
||